00289nam a2200121Ia 4500008004100000082001500041100001900056245003600075250000900111260002300120300000800143650001600151191201s2002 xx 000 0 und d a621.3bSAE aSALIVAHAVAN, S 0aElectronic Devices and Circuits a14th aN.DelhibTMHc2002 a705 aB.Tech(ECE)